<?xml version="1.0" encoding="UTF-8"?>
<collection xmlns="http://www.loc.gov/MARC21/slim">
 <record>
  <leader>00542nam a22001575a 4500</leader>
  <controlfield tag="001">MAT.inmabb001021</controlfield>
  <controlfield tag="008">031119s1959####ii############001#0#eng#d</controlfield>
  <controlfield tag="005">20170808165535.0</controlfield>
  <datafield tag="245" ind1="1" ind2="0">
   <subfield code="a">Lectures on the theory of algebraic functions of one variable /</subfield>
   <subfield code="c">by M. Deuring ; notes by C.P. Ramanujam.</subfield>
  </datafield>
  <datafield tag="260" ind1=" " ind2=" ">
   <subfield code="a">Bombay :</subfield>
   <subfield code="b">Tata Institute of Fundamental Research,</subfield>
   <subfield code="c">1959.</subfield>
  </datafield>
  <datafield tag="300" ind1=" " ind2=" ">
   <subfield code="a">165, ii h. ;</subfield>
   <subfield code="c">29 cm.</subfield>
  </datafield>
  <datafield tag="510" ind1="4" ind2=" ">
   <subfield code="a">MR,</subfield>
   <subfield code="c">49 #8970</subfield>
  </datafield>
  <datafield tag="100" ind1="1" ind2=" ">
   <subfield code="a">Deuring, M.</subfield>
  </datafield>
  <datafield tag="700" ind1="1" ind2=" ">
   <subfield code="a">Ramanujam, C.P.</subfield>
  </datafield>
  <datafield tag="084" ind1=" " ind2=" ">
   <subfield code="a">12A90 (14A05)</subfield>
   <subfield code="2">MR</subfield>
  </datafield>
  <datafield tag="859" ind1=" " ind2=" ">
   <subfield code="h">12</subfield>
   <subfield code="i">D485</subfield>
   <subfield code="p">A-892</subfield>
   <subfield code="b">BIB. MATEMATICA</subfield>
  </datafield>
 </record>
</collection>
